|
|
|
|
| LEADER |
00000nam a2200000 a 4500 |
| 001 |
vtls001118619 |
| 003 |
SK-MaSNL |
| 005 |
20260302064327.0 |
| 008 |
250414s1984 xo 0 slo |
| 015 |
|
|
|a SNBA1984/06
|
| 035 |
|
|
|a SNK000061462
|
| 040 |
|
|
|a SNK
|b slo
|c SNK
|e AACR2
|
| 041 |
0 |
|
|a slo
|
| 044 |
|
|
|a xo
|c SK
|
| 080 |
|
|
|a 372.851(075.2)(076.5)
|2 1981
|
| 245 |
0 |
0 |
|a Matematika pre 5. ročník základnej školy
|b Cvičebnica ; Jaroslava Urbanová, Rudolf Blaška, Jiří Kabele, Marie Janků, Ján Melichar, Jiří Šmelhaus, Edita Poláková, Miroslava Jakešová
|
| 250 |
|
|
|a 3. vyd.
|
| 260 |
|
|
|a Bratislava
|b Slovenské pedagogické nakladateľstvo
|c 1984
|e Praha
|f Svoboda
|
| 300 |
|
|
|a 95 s., 6,51 AH
|b Tb. Sch. Grafy.
|c 29 cm
|
| 366 |
|
|
|e 44870 výtl.
|
| 500 |
|
|
|a Schválilo MŠ SSR.
|
| 700 |
1 |
|
|a Urbanová, Jaroslava
|4 aut
|9 375124
|
| 700 |
1 |
|
|a Blaška, Rudolf
|4 aut
|9 722215
|
| 700 |
1 |
|
|a Kabele, Jiří,
|d 1906-1983
|4 aut
|9 106737
|
| 700 |
1 |
|
|a Janků, Marie
|4 aut
|9 44570
|
| 700 |
1 |
|
|a Melichar, Jan,
|d 1940-2022
|4 aut
|9 87552
|
| 700 |
1 |
|
|a Šmelhaus, Jiří
|4 aut
|9 428456
|
| 700 |
1 |
|
|a Poláková, Edita
|c (matematička)
|4 trl
|9 262859
|
| 700 |
1 |
|
|a Jakešová, Miroslava,
|d 1943-
|4 bkd
|9 44537
|
| 852 |
|
|
|a Slovenská národná knižnica
|
| 958 |
|
|
|a OND
|
| 958 |
|
|
|a CZ
|
| 958 |
|
|
|a UX
|
| 958 |
|
|
|a TL
|
| 958 |
|
|
|a OP
|
| 999 |
|
|
|c 1137019
|d 1138949
|
| 952 |
|
|
|a SNK
|b SNK
|y PREZ
|7 0
|p 17A0791527
|o snkSB 37604
|0 0
|1 0
|4 0
|d 2012-04-24
|f 1
|l 0
|r 2025-04-16 00:00:00
|w 2026-02-24
|
| 952 |
|
|
|t P60, <04>, [BOOK], {604}
|a SNK
|b SNK
|y VYP
|7 0
|p 17A0209157
|o snkSB 37604 D1
|0 0
|1 0
|4 0
|d 1999-09-03
|l 0
|r 2004-12-31 00:00:00
|w 2026-02-24
|